Regulation of Property Agents Working Group Final Report (Record no. 116304)

MARC details
000 -LEADER
fixed length control field 01842cam a22003255a 4500
001 - CONTROL NUMBER
control field K116304
008 - FIXED-LENGTH DATA ELEMENTS--GENERAL INFORMATION
fixed length control field 190718s2019 xxk f 000 0 eng d
035 ## - SYSTEM CONTROL NUMBER
System control number (Sirsi) u160261
041 ## - LANGUAGE CODE
Language code of text/sound track or separate title eng
245 00 - TITLE STATEMENT
Title Regulation of Property Agents Working Group Final Report
Subtitle July 2019
Medium [electronic resource]
260 ## - PUBLICATION INFORMATION
Place of publication [s.n]
Publisher [s.n.]
Date 2019
520 ## - ABSTRACT
Abstract Sets out the recommendations of the Regulation of Property Agents Working Group - Chair Lord Best on the regulation of property agents in the UK by an independent regulator with mandatory qualificaitons and a code of practice. Focuses on the scope of a new system of regulation, a new licensing regime, a framework for codes of practice, mandatory qualifications, transparency and use of leasehold and freehold charges, the set up, functions and relationships of a new regulator, assurance and enforcement. For RICS response see K121122.
650 24 - KEYWORDS
Keywords PROPERTY AGENTS
651 #4 - SUBJECT ADDED ENTRY--GEOGRAPHIC NAME
Geographic name United Kingdom
690 ## - BROAD SUBJECT
Broad subject Block management
9 (RLIN) 6220
690 ## - BROAD SUBJECT
Broad subject Residential property
9 (RLIN) 6266
690 ## - BROAD SUBJECT
Broad subject Commercial property
9 (RLIN) 6227
690 ## - BROAD SUBJECT
Broad subject Business and management
710 1# - ADDED CORPORATE NAME
Added corporate author Royal Institution of Chartered Surveyors
710 1# - ADDED CORPORATE NAME
Added corporate author Association of Residential Letting Agents
710 1# - ADDED CORPORATE NAME
Added corporate author National Association of Estate Agents
710 1# - ADDED CORPORATE NAME
Added corporate author National Trading Standards Estate Agency Team
710 1# - ADDED CORPORATE NAME
Added corporate author Institute of Residential Property Management
710 1# - ADDED CORPORATE NAME
Added corporate author Leasehold Advisory Service
710 1# - ADDED CORPORATE NAME
Added corporate author National Landlords Association
710 1# - ADDED CORPORATE NAME
Added corporate author Citizens Advice
710 1# - ADDED CORPORATE NAME
Added corporate author Ombudsman Services
856 40 - ONLINE RESOURCE
Uniform Resource Identifier <a href="https://assets.publishing.service.gov.uk/government/uploads/system/uploads/attachment_data/file/818244/Regulation_of_Property_Agents_final_report.pdf">https://assets.publishing.service.gov.uk/government/uploads/system/uploads/attachment_data/file/818244/Regulation_of_Property_Agents_final_report.pdf</a>
Public note View copy at assets.publishing.service.gov.uk
942 ## - ADDED ENTRY ELEMENTS (KOHA)
Suppress in OPAC Do not suppress in OPAC
Holdings
Lost status Source of classification or shelving scheme Damaged status Not for loan Home library Current library Shelving location Date acquired Total Checkouts Full call number Barcode Date last seen Copy number Price effective from Koha item type
  Dewey Decimal Classification     London London Online 18/07/2019   ONLINE PUBLICATION 160261-1001 25/04/2023 1 06/08/2019 Book